Kendrick Lamar Intros - Statistics

General Stats
  • This quiz has been taken 262 times
    206 since last reset
  • The average score is 5 of 9
Answer Stats
Album Song % Correct
To Pimp A Butterfly Wesley's Theory
87%
GNX wacced out murals
79%
good kid, m.A.A.d city Sherane a.k.a Master Splinter's Daughter
75%
DAMN. BLOOD.
74%
untitled unmastered untitled 01 | 08.19.2014.
70%
Mr. Morale & The Big Steppers United In Grief
65%
Section.80 F*ck Your Ethnicity
48%
Black Panther Black Panther
26%
Overly Dedicated Growing Apart (To Get Closer)
16%
No matching quizzes found
Score Distribution
Percent of People with Each Score
Percentile by Number Answered
Your Score History
You have not taken this quiz since the last reset